000 00733cab a2200241 4500
001 ABS57890
008 090401t1997 xxu||||| |||| 00| 0 eng d
035 _a(Sirsi) u82312
041 _aeng
100 _aDavis, R.
245 _aIndustrial revolutions
260 _c1997
350 _a0
490 _aBuilding Economist
_vNovember 1997, 6-7(2)
520 _aSummarises the latest forecasts on the industrial sector which is set to grow beyond forecasters` expectations. Forecasts from Glenigan and the RICS.
650 _aCONSTRUCTION MARKET
650 _aFORECASTS
650 _aINDUSTRIAL DEVELOPMENT
650 _aINDUSTRIAL SECTOR
690 _aPROPERTY-COMMERCIAL PROPERTY
942 _n0
948 _c25/11/1997
999 _c51946
_d51946